Comportamiento estructural de pavimentos urbanos
Gespeichert in:
| 1. Verfasser: | |
|---|---|
| Format: | Buch |
| Veröffentlicht: |
[San José , Costa Rica]
1995
|
| Schlagworte: | |
| Tags: |
Tag hinzufügen
Keine Tags, Fügen Sie den ersten Tag hinzu!
|
MARC
| LEADER | 00000nam a2200000Ia 4500 | ||
|---|---|---|---|
| 003 | 007647 | ||
| 005 | 20221231144254.0 | ||
| 008 | 140114s1995 cr a m 000 ||s d | ||
| 040 | |c cru CEDI | ||
| 090 | |a TFG 3264 | ||
| 100 | |a Chavarría Bravo, Luis Guillermo |9 10737 | ||
| 245 | |a Comportamiento estructural de pavimentos urbanos | ||
| 260 | |c 1995 |a [San José , Costa Rica] | ||
| 300 | |a [258] hojas : ilustraciones | ||
| 500 | |a Proyecto de graduación (licenciatura en ingeniería civil)--Universidad de Costa Rica. Facultad de Ingeniería. Escuela de Ingeniería Civil | ||
| 650 | |x PAVIMENTOS - MANTENIMIENTO Y REPARACION |x ANALISIS ESTRUCTURAL (INGENIERIA) |9 10738 | ||
| 942 | |c TFG | ||
| 999 | |c 19395 |d 19395 | ||
